1370 1525 1252 1784 1057 1191 1399 1146 1821 1888 1442 1152 1612 1552 1367 1981 1707 1198 1513 1046 1900 1259 1522 1602 1131 1968 1672 1603 1442 1451 1728 1547 1938 1393 1729 1019 1678 1926 1685 1542 1017 1389 1628 1973 1147 1881 1855 1309 1173 1241 1141 1529 1540 1017 1984 1040 1067 1689 1423 1767 1084 1445 1074 1730 1456 1149 1232 1416 1134 1998 1993 1118 1469 1756 1468 1462 1169 1490 1662 1491 1191 1716 1320 1196 1566 1572 1233 1619 1496 1593 1897 1516 1963 1309 1226 1742 1441 1841 1590 BCNSPRNW ULIB Ver.6.0+V

เปลี่ยนเป็นภาษาไทย

Change to English
 แสดงรายละเอียดบรรณานุกรม
  กลับหน้าหลัก

Brief Record : Get Marc (ISO 2709) : E-mail record : QR code < ปิดหน้าต่าง
LEADER : 00000nam 2200000uu 4500
001    13399126204
003     ULIB
008    180725s2018||||th 000 0 tha d
020    ^a9780323399166
060    ^aQV4^bM129P
100    ^aLinda E. McCuistion, Kathleen Vuljon-DiMaggio, Mary B. Winton and Jennifer J. Yeager.
245    ^aPharmacology : A Patient-Centered Nursing Process Approach/^cLinda E. McCuistion, Kathleen Vuljon-DiMaggio, Mary B. Winton and Jennifer J. Yeager
250    ^a9th ed
260    ^aLouis, Missouri :^bElsevier Limited,^c2018
300    ^a918 pages;^b30 cm
650    ^aPhramacological Phenomena
650    ^aPhramaceutical Preparation
650    ^aDrug Therapy
945    ^p0^l0^i26421
999    ^aกัณชพร จุลอักษร
รายการนี้ยังไม่มีแท็ก
คุณยังไม่ได้ล็อกอิน คุณสามารถมีกิจกรรมร่วมกับเว็บไซต์ได้ แต่ต้องล็อกอินก่อน ::
  ล็อกอิน

รายการสื่อสารสนเทศ

ลำดับที่ ประเภท เลขเรียก/บาร์โค้ด สถานที่ สถานะ
1. วิทยาศาสตร์การแพทย์ และสุขภาพ
วิทยาศาสตร์การแพทย์ และสุขภาพ
QV4 M129P ฉ.1 
  Barcode: 26421
ห้องสมุดวิทยาเขตนครสวรรค์
►หนังสือทั่วไป:l:General Books
บนชั้น

รายการใกล้เคียง
    ผู้แต่ง [Linda E. McCuistion, Kathleen Vuljon-DiMaggio, Mary B. Winton and Jennifer J. Yeager.]

    หัวเรื่อง [Phramacological Phenomena]
    หัวเรื่อง [Phramaceutical Preparation]
    หัวเรื่อง [Drug Therapy]

BibComment


ยังไม่เคยถูกคอมเมนท์

คอมเมนท์ทรัพยากรรายการนี้
  คอมเมนท์: Pharmacology A ..


 Copyright 2026. Bcnsprnw @Library